|
|
|
|
| LEADER |
01260nam a2200301 a 4500 |
| 001 |
27432 |
| 005 |
20150208120640.0 |
| 008 |
130909s2004 nyua b 001 0 eng |
| 010 |
|
|
|a 98003745
|
| 020 |
|
|
|a 0471239739 (cloth : alk. paper)
|
| 020 |
|
|
|a 9780471239734
|
| 040 |
|
|
|a DLC
|c DLC
|d DLC
|d BD-DhAAL
|
| 050 |
0 |
0 |
|a QC776
|b .W66 1998
|
| 082 |
0 |
0 |
|a 539.7
|2 21
|
| 999 |
|
|
|c 13945
|d 13945
|
| 999 |
|
|
|c 13945
|
| 100 |
1 |
|
|a Wong, S. S. M.
|q (Samuel Shaw Ming),
|d 1937-
|9 2988
|
| 245 |
1 |
0 |
|a Introductory nuclear physics /
|c Samuel S.M. Wong.
|
| 250 |
|
|
|a 2nd ed.
|
| 260 |
|
|
|a New York :
|b J. Wiley,
|c c2004.
|
| 300 |
|
|
|a xii, 460 p. :
|b ill. ;
|c 24 cm.
|
| 500 |
|
|
|a Originally published: Englewood Cliffs, N.J. : Prentice Hall, 1989.
|
| 504 |
|
|
|a Includes bibliographical references (p. 435-444) and index.
|
| 541 |
|
|
|e 27432
|
| 650 |
|
0 |
|a Nuclear physics.
|9 6606
|
| 942 |
|
|
|2 ddc
|c BK
|
| 952 |
|
|
|0 0
|1 0
|2 ddc
|4 0
|6 539_700000000000000_WON
|7 0
|9 23341
|a BRACUL
|b BRACUL
|c GEN
|d 2013-09-09
|e Paragon Enterprise
|g 13600.00
|l 1
|m 30
|o 539.7 WON
|p 3010027432
|r 2017-05-17
|s 2016-09-19
|t 1
|w 2013-09-09
|y BK
|
| 952 |
|
|
|0 0
|1 0
|2 ddc
|4 0
|6 539_700000000000000_WON
|7 0
|9 23579
|a BRACUL
|b BRACUL
|c GEN
|d 2013-10-01
|e Karim International
|g 13600.00
|l 0
|o 539.7 WON
|p 3010027643
|r 2013-10-01
|t 2
|w 2013-10-01
|y BK
|